000 00708nam a2200229 a 4500
008
020 _a9781847624246 (pbk.)
049 _aMAIN
090 _aQH301
_bBIO
245 1 0 _aAS & A2 Biology Exam Board :
_bOCR complete revision and practice /
_c[edited by] Boulter Claire ... [et al.]
260 _aLondon :
_bCoordination Group Publishers,
_c2009.
300 _a244 p. :
_bcol. ill. ;
_c30 cm.
490 _aAS & A2 Biolgy for OCR.
500 _aIncludes index.
650 1 _aChemistry.
700 _aBoulter, Claire.
907 _a.b10333514
_b16-07-13
_c17-06-13
003
005 20230123122021.0
040 _cNUST
942 _cBOOKS
_kQH301
_mBIO
999 _c126365
_d126365